| 000 | 00695nam a22002297a 4500 | ||
|---|---|---|---|
| 005 | 20170124110240.0 | ||
| 010 | _a994935 | ||
| 020 |
_c00.00 _a571060277 |
||
| 035 | _a994935 | ||
| 037 | _bCen Lib/Ret | ||
| 040 |
_aDPL _bEN |
||
| 082 |
_a731 _bSLA |
||
| 100 |
_aSlade, Richard _994575 |
||
| 245 |
_aMasks and how to make them / _cby Richard Slade ; illustrated by Clive Kidder |
||
| 260 |
_aLondon _bFaber and Faber _c1969 |
||
| 270 |
_bLondon _a24 Russell Sqaure _eW.C.1 |
||
| 300 |
_a47p.: _c23cm(Hb) _bill. |
||
| 650 |
_aMasks (Sculpture) _994576 |
||
| 650 |
_aMasks (Sculpture) -- designs _994577 |
||
| 700 |
_aKidder, Clive _994578 |
||
| 942 |
_2ddc _cEN _h731 _mSLA |
||
| 999 |
_c135134 _d135134 |
||